| 000 | 00657nam a22002177a 4500 | ||
|---|---|---|---|
| 999 |
_c157831 _d157831 |
||
| 005 | 20181003155827.0 | ||
| 010 | _aENG-124167 | ||
| 020 |
_a9789383420582 _c1500.00 |
||
| 035 | _aEN-107699 | ||
| 037 | _bDBAD/PUB. | ||
| 082 | _2614.1 | ||
| 100 | _aMukherjee's J B | ||
| 245 |
_aForensic medicine and toxicology / _cby J B Mukherjee's; ed. by R.N. Karmakar |
||
| 250 | _a5th ed. | ||
| 260 |
_aKolkata _bAcademic Publishers _c2018 |
||
| 270 |
_a5A, Bhawani Dutta Lane, _bKolkata _e700073 |
||
| 300 |
_axvi,1068p. _c24cm(Hb) |
||
| 500 | _aIt includes appendix and index | ||
| 700 | _a Karmakar, R.N. | ||
| 942 |
_2ddc _cEN _mMUK _h614.1 |
||